书目信息 |
| 题名: |
汇编语言程序设计基础
|
|
| 作者: | 王春森 编 | |
| 分册: | ||
| 出版信息: | 北京市 高等教育出版社 1983.10 |
|
| 页数: | 469页 | |
| 开本: | 32开 | |
| 丛书名: | ||
| 单 册: | ||
| 中图分类: | TP311 | |
| 科图分类: | ||
| 主题词: | 软件 | |
| 电子资源: | ||
| ISBN: | ||
| 000 | 00540nam0 2200193 45 | |
| 001 | 0006191541 | |
| 005 | 20000619152830.7 | |
| 010 | @d1.75元 | |
| 100 | @a20000619d1983 km y0chiy0120 ea | |
| 101 | 0 | @achi |
| 105 | @a z 000yy | |
| 200 | 1 | @a汇编语言程序设计基础@AHui Bian Yu Yan Cheng Xu SheJi Ji Chu@f王春森编@FWang Chun Sen Bian |
| 210 | @a北京市@c高等教育出版社@d1983.10 | |
| 215 | @a469页@d32开 | |
| 606 | 0 | @a软件 |
| 690 | @aTP311@v3 | |
| 701 | 0 | @a王春森@4编 |
| 801 | @aCN@bPftUser@c20000619 | |
| 905 | @b207369-373@dTP311@eW935@f5 | |
| 汇编语言程序设计基础/王春森编.-北京市:高等教育出版社,1983.10 |
| 469页;32开 |
| ISBN :1.75元 |
| ● |
| 相关链接 |
|
|
|
正题名:汇编语言程序设计基础
索取号:TP311/W935
 
预约/预借
| 序号 | 登录号 | 条形码 | 馆藏地/架位号 | 状态 | 备注 |
| 1 | 207369 | 202073692 | 自科二线400A/400A自科库 7排2列5层/ [索取号:TP311/W935] | 在馆 | |
| 2 | 207370 | 202073709 | 自科二线504/504自科库 5排2列1层/ [索取号:TP311/W935] | 在馆 | |
| 3 | 207371 | 202073718 | 自科二线400A/400A自科库 7排1列4层/ [索取号:TP311/W935] | 在馆 | |
| 4 | 207372 | 202073727 | 自科二线400A/400A自科库 7排2列5层/ [索取号:TP311/W935] | 在馆 | |
| 5 | 207373 | 202073736 | 自科二线504/504自科库 5排2列1层/ [索取号:TP311/W935] | 在馆 |